Fundamentals of thermodynamics (Record no. 12471)
[ view plain ]
| 000 -LEADER | |
|---|---|
| fixed length control field | 00625nam a22001697a 4500 |
| 020 ## - INTERNATIONAL STANDARD BOOK NUMBER | |
| International Standard Book Number | 9788126521524 |
| 082 ## - DEWEY DECIMAL CLASSIFICATION NUMBER | |
| Classification number | 621.4021 BOR |
| 100 ## - MAIN ENTRY--PERSONAL NAME | |
| Personal name | Borgnakke, C. (Claus) |
| 245 ## - TITLE STATEMENT | |
| Title | Fundamentals of thermodynamics |
| 250 ## - EDITION STATEMENT | |
| Edition statement | 7th ed. |
| 260 ## - PUBLICATION, DISTRIBUTION, ETC. | |
| Place of publication, distribution, etc. | New Delhi, India |
| Name of publisher, distributor, etc. | Wiley |
| Date of publication, distribution, etc. | 2009 |
| 300 ## - PHYSICAL DESCRIPTION | |
| Extent | xvii, 777 p. |
| Other physical details | ill. ; |
| 500 ## - GENERAL NOTE | |
| General note | First-4th eds. under title: Fundamentals of classical thermodynamics / Gordon J. Van Wylen. Rev. ed. of: Fundamentals of thermodynamics / Richard E. Sonntag, Claus Borgnakke, Gordon J. Van Wylen. Includes index. |
| 650 ## - SUBJECT ADDED ENTRY--TOPICAL TERM | |
| Topical term or geographic name entry element | Thermodynamics. |
| 700 ## - ADDED ENTRY--PERSONAL NAME | |
| Personal name | Sonntag, Richard Edwin. |
| 942 ## - ADDED ENTRY ELEMENTS (KOHA) | |
| Koha item type | Book |
| Withdrawn status | Lost status | Damaged status | Not for loan | Collection code | Permanent Location | Current Location | Shelving location | Date acquired | Source of acquisition | Cost, normal purchase price | Total Checkouts | Total Renewals | Full call number | Barcode | Date last seen | Date last checked out | Price effective from | Koha item type |
|---|---|---|---|---|---|---|---|---|---|---|---|---|---|---|---|---|---|---|
| Central Library (CL) | Central Library (CL) | General Stacks | 12/27/2013 | Multi-Line Books | 1044.66 | 5 | 3 | 621.4021 BOR | SEECS012919 | 02/20/2022 | 12/06/2021 | 01/04/2014 | Book |
